Uplatňovanie ústretového plánovania v lesnom hospodárstve

Bibliographic Details
Main Author: Hyben, Ján (Author)
Format: Article
Language:Slovak
Subjects:

MARC

LEADER 00000nab a2200000 a 4500
001 vtls000114201
003 SK-MaSNL
005 20260304172441.0
008 250526c1982 xo 0 slo
015 |a SNBRB19rr/mm-uuuuu 
035 |a CL0124304 
035 |a urn:nbn:sk:snk-ab2c6n 
035 |a (urnnbn)urn:nbn:sk:snk:ar-a024ay 
035 |a (uuid)1a4dddc5-446c-44d4-99fb-5802b59060af 
040 |a SNKBUCL  |b slo  |c SNKBUCL  |e AACR2 
041 0 |a slo 
044 |a xo  |c SK 
080 |a 630  |2 1981 
080 |a 658.5  |2 1981 
100 1 |a Hyben, Ján  |4 aut  |9 520890 
245 1 0 |a Uplatňovanie ústretového plánovania v lesnom hospodárstve  |c Ján Hyben 
650 0 7 |a lesné hospodárstvo  |2 snkbucl  |9 1256 
650 0 7 |a plánovanie ústretové  |2 snkbucl  |9 923829 
655 7 |a články z novín a časopisov  |2 snkbucl  |9 267496 
773 0 |t Les  |g Roč. 38, č. 4 (1982), s. 149-152 
850 |a Slovenská národná knižnica 
852 |a Slovenská národná knižnica 
954 |a odborná, vedecká literatúra pôvodná (slovenská)  |2 lita 
958 |a ONDV 
958 |a article2022 
958 |a RK 
992 |a RBX 
999 |c 2998528  |d 3000458